Регионална библиотека "Любен Каравелов" - Русе

Don't Come Knocking [DVD видео] (Запис номер 227934)

MARC детайли
000 -Лидер
Лидер 01195ngm a2200349 a 4500
003 - Код на организацията, давaща контролен номер
Код на организацията, даваща контролен номер BLK
005 - Дата и час на последна редакция
Дата и час на последна редакция 20240607140153.0
008 - Елементи от данни с фиксирана дължина
Елементи с фиксирана дължина 180410b bul||n||s|||||||| mlbulo|
010 ## - Наследен системен номер
LC control number CDD00008798000
040 ## - Източник на каталожния запис
Код на библиотеката BLK
041 ## - Код за език
Език Немски
Език за КДБФ Немски
072 #7 - Код за тематичната категория
Код организация bullib
Код за тематична категория Ф0601
Текст Игрални филми Ф
080 ## - УДК
УДК текст Художествени филмови жанрове
УДК код 791.221/.228
УДК – код + определител 791.221/.228
245 10 - Сведения за заглавието
Заглавие Don't Come Knocking [DVD видео]
Авторска отговорност reg. Wim Wenders; drehbuchaut. Sam Shepard; darst. Sam Shepard; darst. Jessica Lange; darst. Tim Roth.
257 ## - Страна на издаване
Страна на създаване/издаване Германия
260 ## - Област на издателските данни
Име на издателя Goethe-Inst.
Година на издаване 2013
Дата на отпечатване 2004/2005
Място на издаване Hamburg
300 ## - Физическа характеристика
Брой дискове, общо времетраене 1 DVD
Други физически данни PAL : цв.
Размер 12 см.
306 ## - Продължителност на изпълнението
Времетраене 118 мин.
380 ## - Жанр
Жанр Изкуство
659 ## - Тематичен бюлетин
Тематичен бюлетин Ф
700 1# - Други автори (авторска отговорност)
Друг автор Wenders, Wim
Авт. отговорност на др. автор reg.
9 (RLIN) 387440
700 1# - Други автори (авторска отговорност)
Друг автор Shepard, Sam
Авт. отговорност на др. автор drehbuchaut.
9 (RLIN) 387850
700 1# - Други автори (авторска отговорност)
Друг автор Shepard, Sam
Авт. отговорност на др. автор darst.
9 (RLIN) 387850
700 1# - Други автори (авторска отговорност)
Друг автор Lange, Jessica
Авт. отговорност на др. автор darst.
9 (RLIN) 355669
700 1# - Други автори (авторска отговорност)
Друг автор Roth, Tim
Авт. отговорност на др. автор darst.
9 (RLIN) 355670
852 ## - Местоположение
Сигнатура (форматна) Цб CD 3952
Част 0
856 4# - Електронен адрес и достъп
Електронен формат pdf - файл
Път до файла (ресурса)
856 4# - Електронен адрес и достъп
Електронен формат pdf - файл
Път до файла (ресурса)
942 ## - АРТИКУЛИ
Вид на библиотечния документ Компактдискове
Скрит в OPAC Не
944 ## - СЪЗДАВАНЕ И РЕДАКЦИЯ на ЗАПИСА
Създаване/Редакция Създаване
Дата на регистрацията/редакция 19.05.2011
Служител, извършил регистрацията/редакцията 30542
Номер на служител Русанова Ирена
944 ## - СЪЗДАВАНЕ И РЕДАКЦИЯ на ЗАПИСА
Създаване/Редакция Редакция
Дата на регистрацията/редакция 11.06.2015
Служител, извършил регистрацията/редакцията Теодора_Стоянова
999 ## - СИСТЕМНИ КОНТРОЛНИ НОМЕРА
Koha biblionumber 227934
Koha biblioitemnumber 227934
Наличности
Код за отписване Код за изгубен артикул Източник на класификационната схема Код за повреда Коз за рестрикции Код за отдаване Артикулен № Име на библиотеката - собственик Име на библиотеката, в която се намира в момента Статус (Текущо местоположение) Дата на вписване в системата Местоположение - отдел Цена в лева Инвентарен номер Систематично азбучна сигнатура Баркод Номер на екземпляра Цена в евро Служебна бележка Служебен тип на артикула
  Не е изгубен Universal Decimal Classification Не е повреден без рестрикции заемане за дома 400100 Регионална библиотека "Любен Каравелов" Русе Регионална библиотека "Любен Каравелов" Русе Отдел Изкуство - подръчен фонд 2000-01-01 Отдел Изкуство - подръчен фонд 16.00 120000907324 791.221/.228/W 54 120000907324 1 8.18 Дост: DA Вид: А N: стар фонд Дата: 01.01.2000 Съставил: Теодора_Стоянова Компактдискове
Vip Innovations Ltd, Rousse, Bulgaria 2025